| 000 | 00695nam a2200217 a 4500 | ||
|---|---|---|---|
| 005 | 20250228063759.0 | ||
| 008 | 991125s1997 es 000 0 spa u | ||
| 020 | _a848711864X | ||
| 035 | _aUPN01000006286 | ||
| 049 | _aCG | ||
| 050 | 4 |
_aLB1775 _bC3.48 1997 |
|
| 245 | 0 | 0 |
_aCalidad de la enseñanza e investigación-acción / _cWilfred Carr ... [et al.] ; tr. Angel Martínez Geldhoff. |
| 260 |
_aSevilla, Esp. : _bDíada, _c1997. |
||
| 300 | _a177 p. | ||
| 440 | 0 |
_aInvestigación y enseñanza. _pFundamentos ; _v3 |
|
| 650 | 2 |
_aEnseñanza como profesión _95829 |
|
| 650 | 4 |
_aPrácticas de la enseñanza _92849 |
|
| 700 | 1 |
_aCarr, Wilfred, _ecoaut. |
|
| 905 | _aLibro | ||
| 999 |
_c6286 _d6286 |
||